000 00682nam a22001697a 4500
008 110815t xxu||||| |||| 00| 0 ara d
082 _222
_a225
_bع ز ي
100 1 _926700
_aعزيز ، فهيم
245 _aالمدخل إلى العهد الجديد /
_cفهيم عزيز
260 _aالقاهرة :
_bدار الثقافة ،
_c[د . ت].
300 _a768 ص ؛
_c24 سم.
504 _aيشتمل على إرجاعات ببليوجرافية 763 - 768
650 _926701
_aإنجيل
653 _bGeneral
_cAugust2011
942 _2ddc
_cBB
999 _c15829
_d15829